1141 1051 1461 1156 1876 1088 1383 1496 1027 1429 1744 1441 1533 1546 1926 1298 1067 1516 1577 1128 1683 1259 1533 1041 1098 1153 1256 1522 1405 1544 1253 1398 1192 1851 1586 1221 1195 1335 1234 1289 1846 1174 1036 1892 1764 1773 1279 1339 1084 1239 1168 1939 1941 1092 1650 1508 1824 1598 1379 1302 1927 1161 1245 1676 1690 2000 1376 1222 1211 1491 1696 1357 1682 1381 1445 1203 1759 1577 1865 1333 1168 1412 1271 1861 1949 1343 1350 1164 1655 1092 1229 1472 1661 1992 1302 1079 1658 1015 1125 BCNSPRNW ULIB Ver.6.0+V

เปลี่ยนเป็นภาษาไทย

Change to English
 แสดงรายละเอียดบรรณานุกรม
  กลับหน้าหลัก

Brief Record : Get Marc (ISO 2709) : E-mail record : QR code < ปิดหน้าต่าง
LEADER : 00000nam 2200000uu 4500
001    13399120089
003     ULIB
008    120830s2549||||th 000 0 tha d
020    ^a9748812553
020    ^a978974812557
090    ^aรส.^bว837ส
100 0  ^aวีระศักดิ์ จันทร์ส่งแสง
245 10 ^aเสียงจากโลกเงียบ :^bมือสื่อภาษา ตาสื่อใจ /^cวีระศักดิ์ จันทร์ส่งแสง
250    ^aพิมพ์ครั้งที่ 1
260    ^aนนทบุรี :^bแผนงานสร้างเสริมสุขภาพคนพิการในสังคมไทย,^c2549
300    ^a148 หน้า :^bภาพประกอบ ;^c19 ซม.
440  0 ^aสารคดีชุดประสบการณ์ชีวิตคนพิการ ;^vลำดับที่ 2
650  4 ^aคนหูหนวก^vรวมเรื่อง
945    ^p0^l0^i24891
995    ^aทศพร
999    ^aทศพร เกษรทอง
รายการนี้ยังไม่มีแท็ก
คุณยังไม่ได้ล็อกอิน คุณสามารถมีกิจกรรมร่วมกับเว็บไซต์ได้ แต่ต้องล็อกอินก่อน ::
  ล็อกอิน

รายการสื่อสารสนเทศ

ลำดับที่ ประเภท เลขเรียก/บาร์โค้ด สถานที่ สถานะ
- ไม่พบข้อมูล -

รายการใกล้เคียง
    ผู้แต่ง [วีระศักดิ์ จันทร์ส่งแสง]

BibComment


ยังไม่เคยถูกคอมเมนท์

คอมเมนท์ทรัพยากรรายการนี้
  คอมเมนท์: เสียงจากโลกเงียบ..


 Copyright 2026. Bcnsprnw @Library